The travels of IBN Battuta, A.D. 1325-1354 (Record no. 394517)

000 -LEADER
fixed length control field 00510cam a22001577a 4500
008 - FIXED-LENGTH DATA ELEMENTS--GENERAL INFORMATION
fixed length control field 180718b1999 xxu||||| |||| 00| 0 eng d
020 ## - INTERNATIONAL STANDARD BOOK NUMBER
International Standard Book Number 812150614X
082 ## - DEWEY DECIMAL CLASSIFICATION NUMBER
Classification number A99/B322 G351
100 ## - MAIN ENTRY--PERSONAL NAME
Personal name Gibb, H.A.R.
245 ## - TITLE STATEMENT
Title The travels of IBN Battuta, A.D. 1325-1354
Statement of responsibility, etc. by H.A.R. Gibb
260 ## - PUBLICATION, DISTRIBUTION, ETC.
Place of publication, distribution, etc. New Delhi
Name of publisher, distributor, etc. Munshiram Manoharlal
Date of publication, distribution, etc. 1999
300 ## - PHYSICAL DESCRIPTION
Extent 3v.
500 ## - GENERAL NOTE
General note Contents: v.1 269p.;v.2 p.270-537p.;v.3 p.538-771p.
650 ## - SUBJECT ADDED ENTRY--TOPICAL TERM
Topical term or geographic name entry element Travelers - A.D. 1325-1354
650 ## - SUBJECT ADDED ENTRY--TOPICAL TERM
Topical term or geographic name entry element Battuta, IBN - Travel - A.D. 1325-1354
Holdings
Withdrawn status Lost status Damaged status Not for loan Permanent Location Current Location Date acquired Total Checkouts Full call number Barcode Date last seen Date last checked out Price effective from Koha item type
        Indian Institute of Public Administration Indian Institute of Public Administration 2000-10-03 1 A99/B322 G351 75851 2023-08-02 2023-07-25 2018-07-21 Book
        Indian Institute of Public Administration Indian Institute of Public Administration 2000-10-03   A99/B322 G351 75850 2018-07-21   2018-07-21 Book
        Indian Institute of Public Administration Indian Institute of Public Administration 2000-10-03   A99/B322 G351 75849 2018-07-21   2018-07-21 Book

Powered by Koha